000 00265nam a2200097Ia 4500
001 684065
005 20250826161450.0
008 250824s9999 xx 000 0 und d
245 0 _aAŞKIN GÖZYAŞLARI II MEVLANA
_cSİNAN YAĞMUR
260 _bKARATAY AKADEMİ YAYINLARI
999 _c684065
_d684065